• 首页
  • 本馆介绍
  • 公告通知
  • 最新文献
  • 馆藏检索
  • 电子资源
  • 读者导购
  • 参考咨询
  • 我的图书馆
  • 登录
  • 详细信息显示
  • 放入我的书架
  • 预约/预借图书
  • 作者相关作品
  • 分类相关作品
  • 丛书相关作品
  • 出版社相关作品

书目信息

  • 表格格式
  • 工作单格式
  • 卡片格式
题名:
当代北京故宫史话
    
 
作者: 郭京宁 著 ;当代北京编辑部 编
分册:  
出版信息: 北京   当代中国出版社  2015
页数: 196页
开本: 23cm
丛书名: 当代北京史话丛书
单 册:
中图分类: K928.74
科图分类:
主题词: 故宫--史料--北京市--现代
电子资源:
ISBN: 978-7-5154-0521-6
000 01160nam2 2200265 450
001 012001001676
005 20140921103355.0
010    @a978-7-5154-0521-6@dCNY35.00
100    @a20150712d2015 em y0chiy50 ea
101 0  @achi
102    @aCN@b110000
105    @aa z 000yy
106    @ar
200 1  @a当代北京故宫史话@9dang dai bei jing gu gong shi hua@f郭京宁著@g当代北京编辑部编
210    @a北京@c当代中国出版社@d2015
215    @a196页@c图@d23cm
225 2  @a当代北京史话丛书
330    @a全书记述北京故宫历史的变迁,特别是新中国成立后的故宫历史。书中简要介绍故宫形成史和格局之后,又简要记述了清朝统治者结束后故宫的变化,而重点记述的是新中国成立后保护故宫和建立故宫博物院,以及建立之后经过政治运动,得到保护,在新时期焕发新的活力的历史。书中记述了故宫在特殊历史背景下得到保护、故宫建筑维修、故宫文物保护、故宫文物走出故宫等,对其间发生的事件和人物也有记述。
461  0 @12001 @a当代北京史话丛书
606 0  @a故宫@x史料@y北京市@z现代
690    @aK928.74@v5
701  0 @a郭京宁@9guo jing ning@4著
712 02 @a当代北京编辑部@9dang dai bei jing bian ji bu@4编
801  0 @aCN@b上海新华@c20180901
905    @b1044166-70@dK928.74@e1082@f5
    
    当代北京故宫史话/郭京宁著/当代北京编辑部编.-北京:当代中国出版社,2015
    196页:图;23cm.-(当代北京史话丛书)
    
    
    ISBN 978-7-5154-0521-6:CNY35.00
    全书记述北京故宫历史的变迁,特别是新中国成立后的故宫历史。书中简要介绍故宫形成史和格局之后,又简要记述了清朝统治者结束后故宫的变化,而重点记述的是新中国成立后保护故宫和建立故宫博物院,以及建立之后经过政治运动,得到保护,在新时期焕发新的活力的历史。书中记述了故宫在特殊历史背景下得到保护、故宫建筑维修、故宫文物保护、故宫文物走出故宫等,对其间发生的事件和人物也有记述。
●
相关链接 在E读中查询图书 在五车中查询图书 在当当中查询图书 在豆瓣中查询图书


正题名:当代北京故宫史话     索取号:K928.74/1082         预约/预借

序号 登录号 条形码 馆藏地/架位号 状态 备注
1 1044166   210441663   第二样本阅览室/ [索取号:K928.74/1082] 在馆    
2 1044167   210441672   第二借阅区/ [索取号:K928.74/1082] 在馆    
3 1044168   210441681   密集书库-史法系/ [索取号:K928.74/1082] 在馆    
4 1044169   210441690   第二借阅区/ [索取号:K928.74/1082] 在馆    
5 1044170   210441707   第二借阅区/ [索取号:K928.74/1082] 在馆    
唐山师范学院图书馆 欢迎您!
大连网信软件有限公司© 版权所有